Obstacles to faster growth in transition economies <the> mongolian case

Salvato in:
Dettagli Bibliografici
Autore principale: Black, Stanley W.
Natura: Libro
Lingua:inglese
Pubblicazione: Washington International Monetary Fund 2001
Serie:IMF Working Paper WP/01/37
Soggetti:
Tags: Aggiungi Tag
Nessun Tag, puoi essere il primo ad aggiungerne!!

MARC

LEADER 00000nam a2200000 4500
001 c128717
005 20221221091255.3
041 0 |a eng 
044 |a US 
245 1 0 |a Obstacles to faster growth in transition economies  |b <the> mongolian case  |c Prepared by Stanley W. Black 
264 1 |a Washington  |b International Monetary Fund  |c 2001 
300 |a 19 s. 
490 1 |a IMF Working Paper  |v WP/01/37 
830 0 |a IMF Working Paper  |v WP/01/37 
610 2 0 |a transformácia 
610 2 0 |a obdobie prechodné 
610 2 0 |a politika hospodárska 
610 2 0 |a rast hospodársky 
610 2 0 |a Mongolsko 
610 2 0 |a Medzinárodný menový fond 
100 1 |a Black, Stanley W.